000 00292nam a22001217a 4500
005 20230909120849.0
008 230909b |||||||| |||| 00| 0 eng d
041 _aeng
245 _aLOK ARADHANA KI ABHIVYAKTI [KHAND-2]
260 _aLUCKNOW
_bETHER PRESS
_c2023
300 _a342;p
942 _cBK
999 _c8419
_d8417